Giới thiệu quyển I bộ << tư bản >> của Các-Mác
Αποθηκεύτηκε σε:
| Κύριος συγγραφέας: | |
|---|---|
| Μορφή: | Βιβλίο |
| Γλώσσα: | Undetermined |
| Έκδοση: |
Hà Nội
Sự Thật
1976
|
| Θέματα: | |
| Ετικέτες: |
Προσθήκη ετικέτας
Δεν υπάρχουν, Καταχωρήστε ετικέτα πρώτοι!
|
| Thư viện lưu trữ: | Trung tâm Học liệu Trường Đại học Cần Thơ |
|---|
| LEADER | 00525nam a2200181Ia 4500 | ||
|---|---|---|---|
| 001 | CTU_153733 | ||
| 008 | 210402s9999 xx 000 0 und d | ||
| 082 | |a 330.122 | ||
| 082 | |b R687/T.1 | ||
| 100 | |a Rô-Den-Be, Đ. I. | ||
| 245 | 0 | |a Giới thiệu quyển I bộ << tư bản >> của Các-Mác | |
| 245 | 0 | |c Đ. I. Rô-Den-Be | |
| 260 | |a Hà Nội | ||
| 260 | |b Sự Thật | ||
| 260 | |c 1976 | ||
| 650 | |a Capitalism | ||
| 904 | |i QHieu | ||
| 980 | |a Trung tâm Học liệu Trường Đại học Cần Thơ | ||